书目信息 |
| 题名: |
中国近代文学史
|
|
| 作者: | 任访秋 主编 | |
| 分册: | ||
| 出版信息: | 开封 河南大学出版社 1988 |
|
| 页数: | 505页 | |
| 开本: | 21cm | |
| 丛书名: | ||
| 单 册: | ||
| 中图分类: | I209.5 | |
| 科图分类: | ||
| 主题词: | 文学史--中国--近代--高等学校--教材 , 文学史 | |
| 电子资源: | ||
| ISBN: | 7-81018-166-1 | |
| 000 | 00858nam0 2200229 45 | |
| 001 | 0900000021628 | |
| 005 | 20050926173717.90 | |
| 010 | @a7-81018-166-1@dCNY28.00 | |
| 100 | @a20050113e20041988ekmy0chiy0120 ea | |
| 101 | 0 | @achi |
| 102 | @aCN@b410000 | |
| 105 | @ay z 000yy | |
| 200 | 1 | @a中国近代文学史@Azhong guo jin dai wen xue shi@f任访秋主编@Fren fang qiu zhu bian |
| 210 | @a开封@c河南大学出版社@d1988@h2004重印 | |
| 215 | @a505页@d21cm | |
| 330 | @a本书分为上、中、下三编,主要内容包括:近代文学的先行者——龚自珍,经世派作家的崛起,鸦片战争时期的爱国诗潮,资产阶段文学改良运动,梁启超,黄遵宪,章炳麟,秋瑾及其他革命派作家,南社与南社诗人等内容。 | |
| 606 | 0 | @a文学史@y中国@z近代@x高等学校@j教材 |
| 606 | 0 | @a文学史 |
| 690 | @aI209.5@v4 | |
| 701 | 0 | @a任访秋@Aren fang qiu@4主编 |
| 801 | 0 | @aCN@bTSSF@c20050926 |
| 905 | @a10447@dI209.5@e192 | |
| 中国近代文学史/任访秋主编.-开封:河南大学出版社,1988(2004重印) |
| 505页;21cm |
| ISBN 7-81018-166-1:CNY28.00 |
| 本书分为上、中、下三编,主要内容包括:近代文学的先行者——龚自珍,经世派作家的崛起,鸦片战争时期的爱国诗潮,资产阶段文学改良运动,梁启超,黄遵宪,章炳麟,秋瑾及其他革命派作家,南社与南社诗人等内容。 |
| ● |
| 相关链接 |
|
|
|
|
正题名:中国近代文学史
索取号:I209.5/192
 
预约/预借
| 序号 | 登录号 | 条形码 | 馆藏地/架位号 | 状态 | 备注 |
| 1 | 0363225 | 3632251 | 第一样本阅览室/ [索取号:I209.5/192] | 在馆 | |
| 2 | 0363226 | 3632260 | 第二借阅区/ [索取号:I209.5/192] | 在馆 | |
| 3 | 0363227 | 3632279 | 第二借阅区/ [索取号:I209.5/192] | 在馆 | |
| 4 | 0363228 | 3632288 | 第二借阅区/ [索取号:I209.5/192] | 在馆 | |
| 5 | 0363229 | 3632297 | 第二借阅区/ [索取号:I209.5/192] | 在馆 |